| 000 | 00683cam a22002531 4500 | ||
|---|---|---|---|
| 001 | sa 67002396 | ||
| 003 | DLC | ||
| 005 | 20260227112330.0 | ||
| 008 | 890725m19589999ii 000 0 maro | ||
| 010 | _asa 67002396 | ||
| 035 | _a(OCoLC)20065196 | ||
| 040 |
_aDLC _cWaU _dDLC |
||
| 042 | _apremarc | ||
| 050 | 0 | 0 |
_aBL1130 _b.J53 |
| 100 | 0 |
_aJñānadeva, _dactive 1290. |
|
| 245 | 1 | 0 | _aŚrījñāneśvarī. |
| 260 | _c1958- [v. 1, 1960] | ||
| 300 |
_av. in _c20 cm. |
||
| 500 | _aIn Marathi. | ||
| 700 | 1 |
_aKarve, Laxman Vishwanath, _d1902- |
|
| 700 | 1 |
_aRisbud, Gangadhar Purushottam, _d1910- |
|
| 700 | 1 | _aRisabūḍa, Gopāḷa Purushottama. | |
| 730 | 0 | _aBhagavadgītā. | |
| 999 |
_c73243 _d73243 |
||